• 首页
  • 本馆介绍
  • 公告通知
  • 最新文献
  • 馆藏检索
  • 电子资源
  • 读者导购
  • 参考咨询
  • 我的图书馆
  • 登录
  • 详细信息显示
  • 放入我的书架
  • 预约/预借图书
  • 作者相关作品
  • 分类相关作品
  • 丛书相关作品
  • 出版社相关作品

书目信息

  • 表格格式
  • 工作单格式
  • 卡片格式
题名:
绝缘材料便查手册
    
 
作者: 李英葆 , 陈京生 主编
分册:  
出版信息: 北京   中国电力出版社  2010
页数: 279页
开本: 24cm
丛书名:
单 册:
中图分类: TM21-62
科图分类:
主题词: 绝缘材料--手册 , 绝缘材料
电子资源:
ISBN: 978-7-5123-0135-1
000 00876nam0 2200265 450
001 004610972
005 20110225082608.10
010    @a978-7-5123-0135-1@b精装@dCNY45.00
035    @a004610972
100    @a20100624d2010 em y0chiy0110 ea
101 0  @achi
102    @aCN@b110000
105    @ay z 000yy
106    @ar
200 1  @a绝缘材料便查手册@9jue yuan cai liao bian cha shou ce@f李英葆,陈京生主编
210    @a北京@c中国电力出版社@d2010
215    @a279页@d24cm
330    @a本书内容包括:概述、绝缘材料选用的基本原则、树脂浸渍纤维制品、层压制品、塑料、云母制品、其他绝缘材料、绝缘材料现行标准目录等。
606 0  @a绝缘材料@j手册
606 0  @a绝缘材料
690    @aTM21-62@v4
701  0 @a李英葆@9li ying bao@f(1939~)@4主编
701  0 @a陈京生@9chen jing sheng@4主编
801  0 @aCN@bNLC@c20110225
905    @b205991060-097@h599106-09@dTM21-62@e21@f4
    
    绝缘材料便查手册/李英葆,陈京生主编.-北京:中国电力出版社,2010
    279页;24cm
    
    
    ISBN 978-7-5123-0135-1(精装):CNY45.00
    本书内容包括:概述、绝缘材料选用的基本原则、树脂浸渍纤维制品、层压制品、塑料、云母制品、其他绝缘材料、绝缘材料现行标准目录等。
●
相关链接 在E读中查询图书 在五车中查询图书 在当当中查询图书 在豆瓣中查询图书


正题名:绝缘材料便查手册     索取号:TM21-62/21         预约/预借

序号 登录号 条形码 馆藏地/架位号 状态 备注
1 599106   205991060   第二样本阅览室/ [索取号:TM21-62/21] 在馆    
2 599107   205991079   第三借阅区/ [索取号:TM21-62/21] 在馆    
3 599108   205991088   第三借阅区/ [索取号:TM21-62/21] 在馆    
4 599109   205991097   第三借阅区/ [索取号:TM21-62/21] 在馆    
唐山师范学院图书馆 欢迎您!
大连网信软件有限公司© 版权所有